01722nam a22003497a 4500003000400000005001700004008004100021040002200062082001500084100003400099245005100133260008200184300001900266490000700285505006500292505003600357505004100393505004200434505009200476505007800568505007300646505005500719505005300774505005800827505007400885505005600959505011001015505007501125650005501200650006101255650005601316OSt20230302164904.0221006b |||||||| |||| 00| 0 eng d cBiblioteca Lado V a320bM743c aMonge, Luis Albertoedirector aCombate/bHomenaje a la Revolución Mexicana/ bInstituto Internacional de Educación Políticac1960aSan Jose, Costa Rica c18x25cma119p. a13 tNuestro Homenaje a la Revolución Mexicana rNorman Thomas  tPresentación de la Edición  tPresencia de Dn. Adolfo Lopez Mateos rFidel VelazqueztLa Conjura Comunista rAlfonso Teja ZabretProceso Histórico de Mexico: Independencia Reforma, Revolución  rLuis QuintanillatProyección Internacional de la Revolución Mexicana  rAgustin Cue Canovas tEl Aspecto Social de la Revolución Mexicana  rRosendo SalazartEl Movimiento Sindical de Mexico  rFrancisco J. Macin tLa Seguridad Social Mexico  tLa Evolución de la Reforma AgrariarRoberto Barrios tLa Emancipación de la Población Indígena rMiguel Leon Barrios  tLa Mujer en la Historia de MexicorLaura Palavicini tDinámica de la Economía Mexicana: de la Reforma Agraria a la Revolución Industrial rEdmundo Flores tLos Problemas de la Industrialización de Mexico rJose Domingo Lavin 2Tesauro de Arte & ArquitecturaaCIENCIAS POLITICAS 2Tesauro de Arte & ArquitecturaaPOLITICA CENTROAMERICANA 2Tesauro de Arte & ArquitecturaaPUBLICACION SERIADA